000 00663nam a22002057a 4500
008 130821s1933 fr gr fre
040 _aCo-BoUCM
_bspa
041 0 0 _afre
100 _aCoulombiau, Maurice, Abad
_9150425
245 0 0 _aChartres
_bL'ame de la cathédrale
_cAbbé Maurice Coulombiau
260 _aParís (Francia)
_bDesclée de Brouwer et Cie
_c1933
300 _a185 páginas
500 _aIncluye índice
610 _aIglesia Católica
_93579
650 0 4 _aCatedrales
_910594
650 0 4 _aCatedrales
_xHistoria
_910594
650 0 4 _aHistoria
_97695
942 _cLIBRO
_a4
_e1
_mC68
_n0
_2DEWEY
_h262.3
999 _c87353
_d87353